| 000 | 00556nam a2200193Ia 4500 | ||
|---|---|---|---|
| 003 | GCL | ||
| 008 | 140319s9999 xx 000 0 ara d | ||
| 040 |
_aGCL / _cGCL |
||
| 082 | 0 | 4 |
_a840.25 _bس ح |
| 100 | 1 | _aسارسى، فرانسسك | |
| 245 | 1 | 0 |
_aحصار باريس / _cسارسى، فرانسسك |
| 700 | 1 | _aعبدالمنعم ثابت | |
| 700 | 1 | _aعبدالحميد الدواخلى | |
| 300 | _a441 ص | ||
| 490 |
_aالالف كتاب _v0 |
||
| 650 | 0 | 4 | _aالعصر الحديث |
| 650 | 0 | 4 | _aفرنسا - تاريخ |
| 942 |
_2ddc _cBK |
||
| 999 |
_c46952 _d46952 |
||